Statistics for Largest Islands by Letter - G

Click here to take the quiz!

General Stats

  • This quiz has been taken 49 times
    (23 since last reset)
  • The average score is 7 of 17

Answer Stats

Area (sq km)CountryAnswer% Correct
2,130,800DenmarkGreenland
100%
209,331United KingdomGreat Britain
95%
47,922Argentina/ChileIsla {Grande de Tierra del Fuego}
70%
2,994SwedenGotland
65%
1,096BahamasGrand Bahama
60%
5,353Solomon IslandsGuadalcanal
55%
1,013ComorosGrande Comore
45%
1,530SpainGran Canaria
35%
16,648FranceGrande Terre
30%
1,146BahamasGreat Abaco
25%
2,285AustraliaGroote Eylandt
25%
1,717DenmarkGeographical Society Island
15%
1,615BahamasGreat Inagua
15%
1,557RussiaGraham Bell Island
10%
6,361CanadaGraham Island
10%
1,378CanadaGraham Island
10%
4,864BrazilGurupá
10%

Score Distribution

Percentile by Number Answered

Percent of People with Each Score

Your Score History

You have not taken this quiz since the last reset